header

The Alaska Highway (Record no. 27759)

MARC details
000 -LEADER
fixed length control field 01315nam a2200301Ia 4500
245 04 - TITLE STATEMENT
Title The Alaska Highway
260 ## - PUBLICATION, DISTRIBUTION, ETC. (IMPRINT)
Place of publication Vancouver, B.C. :
Name of publisher University of British Columbia Press,
Year of publication 1985.
300 ## - PHYSICAL DESCRIPTION
Number of Pages xvi, 208 p., [12] p. of plates :
Other physical details ill., maps.
650 #0 - SUBJECT ADDED ENTRY--TOPICAL TERM
Topical Term Roads
700 1# - ADDED ENTRY--PERSONAL NAME
Personal name Coates, Kenneth,
856 40 - ELECTRONIC LOCATION AND ACCESS
Uniform Resource Identifier http://site.ebrary.com/lib/rucke/Doc?id=10227171

No items available.

© 2026 Rongo University
Contact us: librarian | system librarian | Rongo university